Exposición Aragonesa de 1885 : 2a etapa 1886 2a etapa 1886
Descripción Física:
1 díptic ; 27 cm
MARC
| LEADER | 00000nam a2200000Ia 4500 | ||
|---|---|---|---|
| 001 | 16194 | ||
| 003 | BGR | ||
| 005 | 20260410113708.0 | ||
| 008 | 160829s1886 xx 000 0 cat d | ||
| 080 | |a RF-13-27 | ||
| 111 | |a Exposición Aragonesa |9 70873 |c (Saragossa: |d 1886) | ||
| 245 | |a Exposición Aragonesa de 1885 : |b 2a etapa 1886 | ||
| 260 | |a Zaragoza : |b Tip. de La Derecha, |c 1886 | ||
| 300 | |a 1 díptic ; |c 27 cm | ||
| 590 | |a Prové de 1403, exp. 5. | ||
| 590 | |a Li acompanya un full (22 x 8 cm) amb fe d'errates. | ||
| 590 | |a El full d'inscripció es troba al R. 16193 | ||
| 650 | |a Exposicions |x Saragossa |x 1886 |x Normes |9 46946 | ||
| 856 | 4 | |u https://media.diba.cat/diba/fitxers/arxiu/fulletons/bib_16194_1886_baixa.pdf |y Accés lliure | |
| 856 | 4 | |u https://media.diba.cat/diba/fitxers/arxiu/fulletons/bib_16194_1886_baixa.pdf |y Accés lliure | |
| 900 | |a bib_16194_1886_baixa.pdf | ||
| 901 | |a Arxiu | ||
| 942 | |n 1 |2 udc |c MON | ||
| 952 | |0 0 |1 0 |4 0 |6 RF1327 |7 1 |9 53554 |a Arxiu |b Arxiu |d 2016-12-01 |l 0 |o RF-13-27 |p 16194 |r 2016-12-01 00:00:00 |w 2016-12-01 |y ARXIU | ||
| 999 | |c 57420 |d 57420 | ||